| 000 | 00710nab a2200217 4500 | ||
|---|---|---|---|
| 003 | BR-BrBNA | ||
| 005 | 20250609114534.0 | ||
| 008 | 250609b bl.||||| |||| 00| 0 por d | ||
| 040 |
_aBR-BrBNA _bpor |
||
| 072 | _aE20 ; E70 | ||
| 100 | _aSavanachi, Eduardo | ||
| 245 |
_aO novo superseguro do governo paulista _bAgrofinanças |
||
| 500 | _a2 illus. | ||
| 650 | _aSEGURO RURAL | ||
| 650 | _aFAZENDA | ||
| 650 | _aRENTABILIDADE | ||
| 650 | _aSÃO PAULO | ||
| 773 | 0 |
_01706 _9347878 _dSão Paulo-SP Editora Três Ltda - E-mail: luizfsa@revistadinheiro.com.br 2004 _o2025-0377 _tDinheiro Rural (Brazil) _x1807-3700 _gv. 6(53) p. 84-85; (Mar 2009) _wBR2025001290 |
|
| 942 | _cANA | ||
| 999 |
_c331956 _d331956 |
||